000 00922 a2200277 4500
003 OSt
005 20180116192404.0
008 120703t xxu||||| |||| 00| 0 eng d
010 _a 2003270707
020 _a0714841757
020 _a9780714845593
035 _a(OCoLC)ocm49206715
040 _c0
082 0 4 _a959.6
100 1 _aMcCurry, Steve.
_95511
245 1 0 _aSanctuary :
_bthe temples of Angkor /
_cSteve McCurry ; introduction by John Guy.
246 3 0 _aTemples of Angkor
260 _aLondon :
_aNew York :
_bPhaidon,
_c2002.
300 _a116 p. :
_bchiefly col. ill., col. maps ;
_c20 x 28 cm.
650 1 0 _aBuddhist temples
_zCambodia
_zAngkor (Extinct city)
_95512
651 1 0 _aAngkor Wat (Angkor)
_95513
651 1 0 _aAngkor (Extinct city)
_95514
651 1 0 _aCambodia
_xAntiquities
_95515
942 _aSADA
_cBK
_k959.6 MCC 2002
_2ddc
999 _c353375
_d353375